000 00815cam a22002653a 4500
001 4543
003 PGUSA
005 20140828083058.0
008 031001s2003||||xxu|||||s|||||000 | eng d
040 _aPGUSA
_beng
042 _adc
050 4 _aHB
050 4 _aHC
100 1 _aBerkeley, George,
_d1685-1753
245 1 4 _aThe Querist :
_bContaining Several Queries Proposed to the Consideration of the Public
_h[electronic resource] /
_cGeorge Berkeley
260 _bProject Gutenberg,
_c2003
506 _aPublic domain in the USA.
516 _aElectronic text
653 _aWealth
653 _aGreat Britain -- Economic policy
653 _aGreat Britain -- Economic conditions -- 18th century
830 0 _aProject Gutenberg
_v4543
856 4 0 _uhttp://www.gutenberg.org/ebooks/4543
942 _cEB
999 _c233872
_d233872